• 首页
  • 本馆介绍
  • 公告通知
  • 最新文献
  • 馆藏检索
  • 电子资源
  • 读者导购
  • 参考咨询
  • 我的图书馆
  • 登录
  • 详细信息显示
  • 放入我的书架
  • 预约/预借图书
  • 作者相关作品
  • 分类相关作品
  • 丛书相关作品
  • 出版社相关作品

书目信息

  • 表格格式
  • 工作单格式
  • 卡片格式
题名:
软陶艺术
    
 
作者: 周思中 著
分册:  
出版信息: 武汉   武汉理工大学出版社  2012.01
页数: 157页
开本: 21cm
丛书名:
单 册:
中图分类: J314.8
科图分类:
主题词: 陶瓷小雕塑--雕塑技法 , 陶瓷小雕塑
电子资源:
ISBN: 978-7-5629-3625-1
000 00997nam0 2200277 450
001 005653113
005 20130504092230.21
010    @a978-7-5629-3625-1@dCNY45.00
100    @a20120306d2012 em y0chiy0110 ea
101 0  @achi
102    @aCN@b420000
105    @aa z 000yy
106    @ar
200 1  @a软陶艺术@9ruan tao yi shu@e软陶卡通形象设计@f周平著
210    @a武汉@c武汉理工大学出版社@d2012.01
215    @a157页@c图@d21cm
312    @a封面英文题名:Polymer clay art: Polymer clay cartoon image design
330    @a本书内容从软陶的界定到软陶作品的呈现形式乃至各种新材料,以及书中大量的国内外优秀作品和各色卡通形象的制作流程,十分详尽。
510 0  @aPolymer clay art: Polymer clay cartoon image design@zeng
517 1  @a软陶卡通形象设计@9ruan tao ka tong xing xiang she ji
606 0  @a陶瓷小雕塑@x雕塑技法
606 0  @a陶瓷小雕塑
690    @aJ314.8@v5
701  0 @a周思中@9zhou si zhong@f(1962~)@4著
801  0 @aCN@bNLC@c20120327
905    @b542492-96@dJ314.8@e30@f5
    
    软陶艺术:软陶卡通形象设计/周平著.-武汉:武汉理工大学出版社,2012.01
    157页:图;21cm
    ←并列题名:Polymer clay art: Polymer clay cartoon image design
    
    ISBN 978-7-5629-3625-1:CNY45.00
    本书内容从软陶的界定到软陶作品的呈现形式乃至各种新材料,以及书中大量的国内外优秀作品和各色卡通形象的制作流程,十分详尽。
●
相关链接 在E读中查询图书 在五车中查询图书 在当当中查询图书 在豆瓣中查询图书


正题名:软陶艺术     索取号:J314.8/30         预约/预借

序号 登录号 条形码 馆藏地/架位号 状态 备注
1 542492   205424922   第一样本阅览室/ [索取号:J314.8/30] 在馆    
2 542493   205424931   第一借阅区/ [索取号:J314.8/30] 在馆    
3 542494   205424940   第一借阅区/ [索取号:J314.8/30] 在馆    
4 542495   205424959   第一借阅区/ [索取号:J314.8/30] 在馆    
5 542496   205424968   美术系资料室/ [索取号:J314.8/30] 在馆    
唐山师范学院图书馆 欢迎您!
大连网信软件有限公司© 版权所有